|
|
|
|
| LEADER |
01759nam a2200385 a 4500 |
| 001 |
35508 |
| 003 |
BD-DhAAL |
| 005 |
20211130114342.0 |
| 008 |
190917t1990 enka b 001 0 eng |
| 999 |
|
|
|c 41281
|d 41281
|
| 010 |
|
|
|a 90033099
|
| 020 |
|
|
|a 1850007349 (v. 1)
|
| 020 |
|
|
|a 1850007187
|
| 020 |
|
|
|a 1850007195
|
| 040 |
|
|
|a DLC
|c DLC
|d DLC
|d BD-DhAAL
|
| 043 |
|
|
|a e-uk---
|
| 050 |
0 |
0 |
|a LB1555
|b .S887 1990
|
| 082 |
0 |
0 |
|a 372.941
|2 20
|
| 245 |
0 |
4 |
|a The Study of primary education :
|b a source book /
|n volume 2 : the curriculum.
|c Brenda Lofthouse
|
| 250 |
|
|
|a Second edition
|
| 260 |
|
|
|a London ;
|a New York :
|b Falmer Press,
|c 1990.
|
| 300 |
|
|
|a xvii, 371 pages :
|c illustrations ;
|b 23 cm.
|
| 362 |
|
|
|a volume 2 : the curriculum.
|
| 500 |
|
|
|a First edition compiled by Colin Richards and Brenda Lofthouse.
|
| 504 |
|
|
|a Includes bibliographical references and indexes.
|
| 505 |
0 |
|
|a v. 1. Perspectives / compiled by Colin Conner with Brenda Lofthouse -- v. 2. The curriculum / compiled by Brenda Lofthouse -- v. 3. School orgainzation and management / compiled by Geoff Southworth with Brenda Lofthouse -- v. 4. Classrooms and teaching studies / compiled by Marion Dadds with Brenda Lofthouse.
|
| 526 |
|
|
|a BIED
|
| 541 |
|
|
|a Complimentary copy from BIED
|e 35508
|
| 650 |
|
0 |
|a Education, Elementary.
|9 34752
|
| 650 |
|
0 |
|a Education, Elementary
|z Great Britain.
|9 34753
|
| 700 |
1 |
|
|a Connor, Colin.
|9 34754
|
| 700 |
1 |
|
|a Lofthouse, Brenda.
|9 34755
|
| 852 |
|
|
|a Ayesha Abed Library
|c BIED Collection
|
| 942 |
|
|
|2 ddc
|c BK
|
| 952 |
|
|
|0 0
|1 0
|2 ddc
|4 0
|6 372_941000000000000_STU
|7 0
|9 66344
|a BRACUL
|b BRACUL
|c GEN
|d 2019-09-17
|e Complimentary copy from BIED
|l 0
|o 372.941 STU
|p 3010035508
|r 2019-09-17
|t 1
|w 2019-09-17
|y BK
|x Transferred from BIED to General Stacks
|